Представление документа в формате MARC21

ПолеНазваниеЗначение
  Тип записи a
  Библиографический уровень m
001 Контрольный номер BIBLIOCLUB\0000721153
005 Дата корректировки 20260430154904.9
006 m o d
007 Элементы данных для физической характеристики c|||||||||||||
008 Кодируемые данные s2023 rus o rus d
020 Индекс ISBN __
a ISBN 978-5-7882-3373-4
041 Код языка издания 0_
a Код языка текста rus
084 Индекс другой классификации/Индекс ББК __
a Индекс другой классификации/Индекс ББК 22.151.34я73
b Номер единицы LBC/PL
2 Источник индекса rubbk
084 Индекс другой классификации/Индекс ББК __
a Индекс другой классификации/Индекс ББК 30.11я73
b Номер единицы LBC/PL
2 Источник индекса rubbk
100 Автор 1_
a Автор Сагадеев В. В.
245 Заглавие 10
a Заглавие Основы моделирования геометрических объектов
b Продолж. заглавия учебное пособие
c Ответственность В. В. Сагадеев, С. Н. Михайлова
c Ответственность Казанский национальный исследовательский технологический университет
260 Выходные данные __
a Место издания Казань
b Издательство Казанский национальный исследовательский технологический университет (КНИТУ)
c Дата издания 2023
300 Физическое описание __
a Объем 116 с.
b Иллюстрации/ тип воспроизводства ил.
504 Библиография __
a Библиография Библиогр. в кн
653 Ключевые слова 1_
a Ключевые слова Учебник для высшей школы
700 Другие авторы _1
a Другие авторы Михайлова С. Н.
856 Электронный адрес документа 40
3 Область применения данных поля Университетская библиотека ONLINE
u URL https://biblioclub.ru/index.php?page=book&id=721153
900 Электронные ресурсы __
a Имя электронного ресурса https://img.biblioclub.ru/sm_cover/be9c87278e22aeb60d572d467a05b98aeaesmeqoif/cover.jpg